Statystyki dla FC Porto 2019/2020

Kliknij tutaj aby rozwiązać quiz!

Ogólne statystyki

  • Ten quiz został rozwiązany 50 razy
  • Średni wynik to 5 z 27

Statystyki odpowiedzi

PozycjaImię i Nazwisko% Poprawnych
BramkarzIker Casillas
87%
ObrońcaAlex Telles
62%
ObrońcaPepe
57%
NapastnikMoussa Marega
51%
PomocnikDanilo Pereira
40%
NapastnikVincent Aboubakar
28%
NapastnikSoares
21%
NapastnikShoya Nakajima
19%
BramkarzAgustin Marchesin
17%
NapastnikFabio Silva
17%
ObrońcaIvan Marcano
15%
PomocnikOtavio
15%
NapastnikZe Luis
13%
PomocnikSergio Oliveira
9%
PomocnikBruno Costa
6%
BramkarzDiogo Costa
6%
ObrońcaDiogo Leite
6%
NapastnikLuis Diaz
6%
PomocnikMamadou Loum
4%
PomocnikMatheus Uribe
4%
ObrońcaRenzo Saravia
4%
ObrońcaChancel Mbemba
2%
BramkarzMouhamed Mbaye
2%
PomocnikRomario Baro
2%
NapastnikTecatito
2%
ObrońcaWilson Manafa
2%
ObrońcaTomas Esteves
0%

Rozkład punktacji

Percentyl według liczby udzielonych odpowiedzi

Procent ludzi z każdym wynikiem

Twoja historia wyników

Nie rozwiązałeś tego quizu